00753nam a22001817a 4500999001700000003000900017008004100026040007100067082001800138100002300156245003300179260003800212300002800250505017100278942001600449945000800465952009800473 c19417d19417AR-CdUCM190517b ||||| |||| 00| 0 sp d aMUNICIPALIDAD PROVINCIAL DEL CUSCOcBIBLIOTECA MUNICIPAL DEL CUSCO a335.8 /bR477 aReuther, Walter P. aIdeario de un Sindicalista / aBuenos Aires :bVea y lea,c1964. a349 páginas ;c23 cm. a500 aviones por día -- Un programa para la utilización de la industria autromotriz enj la producción en serio de aeroplanos -- Nuestro temor a la abundancia ... 2ddccLIBROS awfj 002ddc4070aSHbSHcCARTd2019-05-17g50.00o335.8 / R477pSH0000014469r2019-05-17yLIBROS